| 000 | 02222cam a2200277 i 4500 | ||
|---|---|---|---|
| 003 | OSt | ||
| 005 | 20210713155744.0 | ||
| 008 | 130506s2012 enka b 001 0 eng d | ||
| 020 | _a9781849802796 | ||
| 040 |
_aAU@ _cCO-JMCR |
||
| 041 | 0 | _aeng | |
| 082 | 0 | 4 |
_a343.04 / _bE17t _223 |
| 100 | 1 |
_aEccleston, Richard, _eauthor. _926801 |
|
| 245 | 1 | 4 |
_aThe dynamics of global economic governance : _bthe financial crisis, the OECD, and the politics of international tax cooperation / _cRichard Eccleston, associate professor, University of Tasmania, Australia. |
| 264 | 1 |
_aCheltenham, UK ; _aNorthampton, MA, USA : _bEdward Elgar, _c[2012] |
|
| 300 |
_avii, 188 páginas : _bilustraciones y gráficas en blanco y negro ; _c24 cm. |
||
| 504 | _aBibliografía: páginas 175-177. | ||
| 505 | 0 | _aGoverning international taxation : problems and challenges -- The dynamics of global governance -- Politics without conviction : the OECD's failed Harmful Tax Competition initiative -- The financial crisis and the politics of international tax cooperation -- The domestic politics of international tax cooperation in the United States and Switzerland -- Beyond the financial crisis : regime implementation and effectiveness. | |
| 520 | _aThe financial crisis that engulfed global markets in 2008 created an acute need for improved international economic cooperation. This book focuses on international taxation and examines how the financial crisis prompted renewed attempts to enhance international tax transparency and confront tax havens. R. Eccleston is from the University of Tasmania. | ||
| 520 | _aThis book focuses on international taxation and examines how the financial crisis prompted renewed attempts to enhance international tax transparency and confront tax havens. It highlights the complexity of international regime change and the significance of national and financial interests, international organizations, domestic politics and the emerging G20 leaders forum in this process. | ||
| 521 | _aTertiary/Undergraduate, Postgraduate. | ||
| 650 | 2 | 4 |
_aGlobalization _xEconomic aspects. _938429 |
| 650 | 1 | 4 |
_aGlobal Financial Crisis, 2008-2009. _938430 |
| 650 | 2 | 4 |
_aLAW / Taxation _2bisacsh _938431 |
| 942 |
_2ddc _cBK |
||
| 999 |
_c11919 _d11919 |
||